| 000 | 00539nam a2200205Ia 4500 | ||
|---|---|---|---|
| 005 | 20230321112338.0 | ||
| 008 | 131103s9999 xx 000 0 und d | ||
| 020 | _cRs.7 | ||
| 040 | _aLoreto College | ||
| 041 | _aEnglish | ||
| 082 |
_a891.441 _bJAB |
||
| 100 | _aJabbarer, Shekh Abdul | ||
| 245 |
_aShekh Abdul Jabbarer Kabita _cShekh Abdul Jabbarer; edited by Jiyad Ali |
||
| 260 |
_akolkata _bBani Prakash _c1984 |
||
| 300 | _a80p. | ||
| 650 | _aBengali Poetry | ||
| 700 | _aAli, Jiyad. ed. | ||
| 850 | _aLCLIB | ||
| 942 | _cBK | ||
| 999 |
_c20669 _d71148 |
||